| 000 | 00289nam a22000977a 4500 | ||
|---|---|---|---|
| 999 |
_c23821 _d23821 |
||
| 003 | Nust | ||
| 005 | 20170622111157.0 | ||
| 008 | 140204b xxu||||| |||| 00| 0 eng d | ||
| 020 |
_a8129711966 _cAvailable |
||
| 040 |
_aDLC _bDLC _cRCMS |
||
| 050 | _a004.165 FUR | ||
| 082 |
_a004.165 FUR _b000383 |
||
| 100 |
_aFurber Steve _93069 |
||
| 245 | _aARM Systems-on-Chip Architecture | ||
| 250 | _a2nd,ed. | ||
| 260 |
_aIndia _bPearson Education _cc2000 |
||
| 300 |
_a432,p: _bill _c26,cm. |
||
| 538 | _iShelf # 09, Row # 2, History & Digital Design. | ||
| 650 |
_aComputer Architecture _93070 |
||
| 856 | _3Table of Content Only | ||
| 942 |
_2ddc _cBK _h004.165 FUR |
||